[Event "Primorsko op-B"]
[Site "Primorsko"]
[Date "2019.09.22"]
[Round "7"]
[White "Borisov, Lubomir"]
[Black "Bratimirova, Dimitrinka"]
[Result "1/2-1/2"]
[WhiteElo "1767"]
[BlackElo "1839"]
[PlyCount "75"]
[EventDate "2019.09.16"]
[EventType "swiss"]
[EventRounds "7"]
[EventCountry "BUL"]
[SourceTitle "EXT 2020"]
[Source "ChessBase"]
[SourceDate "2019.10.17"]
[SourceVersion "1"]
[SourceVersionDate "2019.10.17"]
[SourceQuality "1"]

1. e4 e5 2. Nc3 Nc6 3. h3 Bc5 4. Nf3 Nf6 5. Bc4 0-0 6. 0-0 d6 7. d3 Bb6 8. Bg5 h6 9. Bxf6 Qxf6 10. Nd5 Qd8 11. b4 Ne7 12. Nxb6 axb6 13. c3 Ng6 14. d4 Qf6 15. Re1 Nf4 16. Bf1 Re8 17. Kh2 g5 18. Ng1 Ng6 19. Qf3 Qg7 20. d5 Nh4 21. Qe2 f5 22. g3 Ng6 23. Bg2 Rf8 24. f3 h5 25. exf5 Bxf5 26. g4 Nf4 27. Qd2 Bg6 28. Ne2 Rf7 29. a4 Raf8 30. Nxf4 gxf4 31. Qf2 Qf6 32. gxh5 Bxh5 33. Bh1 Bg6 34. Rg1 Rh7 35. Rxg6+ Qxg6 36. Rg1 Qxg1+ 37. Qxg1+ Rg7 38. Qf2 1/2-1/2

[Event "Primorsko op-B"]
[Site "Primorsko"]
[Date "2019.09.16"]
[Round "1"]
[White "Bratimirova, Dimitrinka"]
[Black "Tashkov, Rumen"]
[Result "0-1"]
[WhiteElo "1839"]
[BlackElo "2148"]
[PlyCount "78"]
[EventDate "2019.09.16"]
[EventType "swiss"]
[EventRounds "7"]
[EventCountry "BUL"]
[SourceTitle "EXT 2020"]
[Source "ChessBase"]
[SourceDate "2019.10.17"]
[SourceVersion "1"]
[SourceVersionDate "2019.10.17"]
[SourceQuality "1"]

1. e4 d6 2. d4 Nf6 3. Nc3 g6 4. Nf3 Bg7 5. Be2 0-0 6. 0-0 c6 7. h3 Qc7 8. a4 Nbd7 9. Be3 b6 10. Qd2 Bb7 11. Bh6 a6 12. Bxg7 Kxg7 13. Rfd1 b5 14. Qe3 b4 15. Na2 c5 16. d5 e6 17. c4 Rae8 18. Qd3 e5 19. Nd2 Bc8 20. g4 h6 21. Qg3 Qd8 22. Nc1 Rh8 23. Kg2 Qe7 24. Ncb3 Qd8 25. Nc1 Reg8 26. Nd3 Qe7 27. Rh1 h5 28. g5 Ne8 29. Rag1 Rf8 30. f4 exf4 31. Nxf4 h4 32. Qe3 Qxg5+ 33. Kh2 Qe5 34. b3 Nef6 35. Rg2 Re8 36. Rhg1 Rh6 37. Kh1 Nxe4 38. Nxe4 Qxe4 39. Ne6+ Rxe6 0-1

[Event "Primorsko op"]
[Site "Primorsko"]
[Date "2017.09.20"]
[Round "5"]
[White "Stoyanov, Yordan"]
[Black "Bratimirova, Dimitrinka"]
[Result "0-1"]
[WhiteElo "1521"]
[BlackElo "1853"]
[PlyCount "41"]
[EventDate "2017.09.17"]
[EventType "swiss"]
[EventRounds "9"]
[EventCountry "BUL"]
[SourceTitle "CBM 180 Extra"]
[Source "ChessBase"]
[SourceDate "2017.10.06"]
[SourceVersion "1"]
[SourceVersionDate "2017.10.06"]
[SourceQuality "1"]

1. e4 e5 2. Nf3 Nc6 3. d4 exd4 4. Nxd4 Bc5 5. Nb3 Bb6 6. a4 a6 7. Nc3 Qf6 8. f3 Nge7 9. Nd5 Nxd5 10. Qxd5 d6 11. c3 Be6 12. Qd1 0-0-0 13. a5 Bxb3 14. Qxb3 Nxa5 15. Qc2 d5 16. b4 Nc6 17. Bd3 Nxb4 18. Qb1 Nxd3+ 19. Qxd3 dxe4 20. Qc2 exf3 21. Bd2 0-1

[Event "Primorsko op"]
[Site "Primorsko"]
[Date "2017.09.18"]
[Round "2"]
[White "Bratimirova, Dimitrinka"]
[Black "Vasileva, Cveta"]
[Result "1-0"]
[WhiteElo "1853"]
[BlackElo "1545"]
[PlyCount "105"]
[EventDate "2017.09.17"]
[EventType "swiss"]
[EventRounds "9"]
[EventCountry "BUL"]
[SourceTitle "CBM 180 Extra"]
[Source "ChessBase"]
[SourceDate "2017.10.06"]
[SourceVersion "1"]
[SourceVersionDate "2017.10.06"]
[SourceQuality "1"]

1. e4 e5 2. Nf3 Nc6 3. Nc3 Nf6 4. Bb5 a6 5. Bxc6 dxc6 6. Nxe5 Qe7 7. d4 g6 8. 0-0 Bg7 9. Nf3 0-0 10. e5 Nd5 11. Nxd5 cxd5 12. c3 Be6 13. Bg5 f6 14. exf6 Bxf6 15. Bxf6 Qxf6 16. Qd2 Rae8 17. Rfe1 c6 18. Ne5 Qh4 19. f3 Re7 20. Re2 Rfe8 21. Rae1 Kg7 22. Nd3 Bf5 23. Rxe7+ Rxe7 24. Rxe7+ Qxe7 25. Qe1 Qxe1+ 26. Nxe1 Kf6 27. h4 h5 28. Kf2 b6 29. Ke3 c5 30. Nd3 Bxd3 31. Kxd3 Kf5 32. Ke3 c4 33. a4 b5 34. axb5 axb5 35. g3 g5 36. hxg5 Kxg5 37. Kf2 h4 38. g4 Kf4 39. Kg2 h3+ 40. Kxh3 Kxf3 41. g5 Ke3 42. g6 Kd2 43. g7 Kc2 44. g8Q Kxb2 45. Qxd5 Kxc3 46. Qe5 b4 47. d5+ Kb3 48. d6 c3 49. d7 Kb2 50. d8Q Kc2 51. Qe2+ Kb3 52. Qed1+ c2 53. Q8d3+ 1-0

[Event "Primorsko op"]
[Site "Primorsko"]
[Date "2017.09.17"]
[Round "1"]
[White "Petrov, Martin"]
[Black "Bratimirova, Dimitrinka"]
[Result "1-0"]
[WhiteElo "2426"]
[BlackElo "1853"]
[PlyCount "55"]
[EventDate "2017.09.17"]
[EventType "swiss"]
[EventRounds "9"]
[EventCountry "BUL"]
[SourceTitle "CBM 180 Extra"]
[Source "ChessBase"]
[SourceDate "2017.10.06"]
[SourceVersion "1"]
[SourceVersionDate "2017.10.06"]
[SourceQuality "1"]

1. e4 e5 2. Nf3 Nc6 3. Bc4 Bc5 4. c3 Nf6 5. d4 exd4 6. e5 d5 7. Bb5 Ne4 8. cxd4 Bb4+ 9. Bd2 Nxd2 10. Nbxd2 0-0 11. 0-0 Bd7 12. a3 Bxd2 13. Bxc6 Bxc6 14. Qxd2 a5 15. Rac1 a4 16. Rc5 Re8 17. Rfc1 Re6 18. Qf4 Qd7 19. Qf5 Rd8 20. Ng5 Rg6 21. Qxd7 Rxd7 22. f4 f6 23. Nf3 Re7 24. g3 Rf7 25. Kf2 Kf8 26. Ra5 b6 27. Ra7 f5 28. e6 1-0

[Event "BUL-chT (Women) 48th"]
[Site "Sunny Beach"]
[Date "2015.06.03"]
[Round "4.3"]
[White "Pencheva, Iva"]
[Black "Bratimirova, Dimitrinka"]
[Result "1-0"]
[WhiteElo "1885"]
[BlackElo "1952"]
[PlyCount "39"]
[EventDate "2015.05.31"]
[EventType "team-tourn"]
[EventRounds "7"]
[EventCountry "BUL"]
[SourceTitle "CBM 166 Extra"]
[Source "ChessBase"]
[SourceDate "2015.06.18"]
[SourceVersion "1"]
[SourceVersionDate "2015.06.18"]
[SourceQuality "1"]
[WhiteTeam "V Tarnovo Etar (W)"]
[BlackTeam "Pernik Krakra Pernishki (W)"]
[WhiteTeamCountry "BUL"]
[BlackTeamCountry "BUL"]

1. e4 e5 2. Nf3 Nc6 3. d4 exd4 4. Nxd4 Bc5 5. Nb3 Bb6 6. Qe2 d6 7. Nc3 h6 8. f3 Nf6 9. Be3 0-0 10. 0-0-0 Re8 11. g4 Bxe3+ 12. Qxe3 Ne5 13. h3 Qe7 14. Nd4 c6 15. Qf2 Ng6 16. Bc4 Qe5 17. Kb1 Qf4 18. Nde2 Nxe4 19. Nxe4 Qe5 20. Nxd6 1-0

[Event "BUL-chT (Women) 47th"]
[Site "Sunny Beach"]
[Date "2014.09.21"]
[Round "3.3"]
[White "Bednikova, Stefka"]
[Black "Bratimirova, Dimitrinka"]
[Result "1-0"]
[WhiteElo "2060"]
[BlackElo "1949"]
[PlyCount "99"]
[EventDate "2014.09.19"]
[EventType "team-tourn"]
[EventRounds "7"]
[EventCountry "BUL"]
[SourceTitle "EXT 2015"]
[Source "ChessBase"]
[SourceDate "2014.11.20"]
[SourceVersion "1"]
[SourceVersionDate "2014.11.20"]
[SourceQuality "1"]
[WhiteTeam "Sofia Shah XXI (W)"]
[BlackTeam "Pernik Krakra Pernishki (W)"]
[WhiteTeamCountry "BUL"]
[BlackTeamCountry "BUL"]

1. e4 e5 2. Nf3 Nc6 3. Bb5 a6 4. Ba4 Nf6 5. 0-0 Be7 6. Re1 b5 7. Bb3 0-0 8. c3 d6 9. h3 Na5 10. Bc2 c5 11. d4 Nd7 12. dxc5 dxc5 13. Nbd2 c4 14. Nf1 Bb7 15. b4 cxb3 16. axb3 Nc6 17. Be3 Nc5 18. Qe2 Ne6 19. Red1 Qc7 20. Ng3 g6 21. Nh2 Nf4 22. Qe1 Rfd8 23. Ne2 Nb4 24. cxb4 Qxc2 25. Nxf4 exf4 26. Bxf4 Qxb3 27. Rdb1 Qc4 28. f3 Bf6 29. Ra3 Bd4+ 30. Be3 Bxe3+ 31. Rxe3 Rac8 32. Ng4 h5 33. Nf6+ Kg7 34. e5 Qc2 35. Re2 Qf5 36. Rc1 Rc4 37. Rd1 Rdc8 38. Nd7 Rc2 39. Nc5 Rxe2 40. Qxe2 Ba8 41. e6 fxe6 42. Rd7+ Kf6 43. Qb2+ e5 44. Qa2 Rf8 45. Rd6+ Kg5 46. Ne6+ Kh4 47. Nxf8 Qxf8 48. Rd7 Bxf3 49. Qf7 Qxb4 50. Qxf3 1-0

[Event "BUL-chT (Women) 47th"]
[Site "Sunny Beach"]
[Date "2014.09.20"]
[Round "2.3"]
[White "Bratimirova, Dimitrinka"]
[Black "Genova, Ruzka"]
[Result "0-1"]
[WhiteElo "1949"]
[BlackElo "2210"]
[PlyCount "92"]
[EventDate "2014.09.19"]
[EventType "team-tourn"]
[EventRounds "7"]
[EventCountry "BUL"]
[SourceTitle "EXT 2015"]
[Source "ChessBase"]
[SourceDate "2014.11.20"]
[SourceVersion "1"]
[SourceVersionDate "2014.11.20"]
[SourceQuality "1"]
[WhiteTeam "Pernik Krakra Pernishki (W)"]
[BlackTeam "Plovdiv Lokomotiv (W)"]
[WhiteTeamCountry "BUL"]
[BlackTeamCountry "BUL"]

1. e4 c5 2. Nf3 e6 3. d4 cxd4 4. Nxd4 Nf6 5. Nc3 Bb4 6. Bd3 Nc6 7. Nxc6 bxc6 8. 0-0 e5 9. Bd2 0-0 10. a3 Be7 11. Kh1 d5 12. f4 d4 13. fxe5 Ng4 14. Ne2 Nxe5 15. Bf4 Bf6 16. Bxe5 Bxe5 17. g3 Rb8 18. Rb1 Bg4 19. Bc4 Qg5 20. Qd3 c5 21. Nf4 Rb6 22. Rf2 h5 23. Nd5 Rb7 24. b3 h4 25. Nf4 Rb6 26. Rbf1 Rf6 27. h3 Bd7 28. Rg1 hxg3 29. Rxg3 Qh6 30. Rg6 Rxg6 31. Nxg6 Qxg6 32. Bd5 Be6 33. Bxe6 Qxe6 34. Rf5 g6 35. Rf3 Kg7 36. a4 Re8 37. Kg1 Bb8 38. Qf1 Re7 39. c3 Qxe4 40. cxd4 Qxd4+ 41. Kg2 Qb2+ 42. Rf2 Qxb3 43. a5 Qd5+ 44. Kg1 Be5 45. Rf3 Bd4+ 46. Kg2 c4 0-1

[Event "Kesarovski Georgiev Memorial-B 12th"]
[Site "Sunny Beach"]
[Date "2013.09.07"]
[Round "8"]
[White "Bratimirova, Dimitrinka"]
[Black "El Ayyash, Rawad"]
[Result "1-0"]
[WhiteElo "1987"]
[BlackElo "1819"]
[PlyCount "99"]
[EventDate "2013.08.31"]
[EventType "swiss"]
[EventRounds "9"]
[EventCountry "BUL"]
[SourceTitle "CBM 156 Extra"]
[Source "ChessBase"]
[SourceDate "2013.10.22"]
[SourceVersion "1"]
[SourceVersionDate "2013.10.22"]
[SourceQuality "1"]

1. d4 d5 2. c4 e6 3. Nc3 c6 4. Nf3 Nf6 5. e3 Nbd7 6. Be2 dxc4 7. Bxc4 b5 8. Bd3 Bb7 9. 0-0 a6 10. Ne5 c5 11. a4 b4 12. Ne2 Nxe5 13. dxe5 Qd5 14. f3 Qxe5 15. e4 Rd8 16. Qc2 Qc7 17. Be3 Be7 18. Rac1 Rc8 19. Rfd1 0-0 20. Bc4 Rfd8 21. Bd2 Qe5 22. Bf4 Qh5 23. Bg3 Qh6 24. Qb3 Nh5 25. Bf2 g5 26. g3 Qf6 27. g4 Nf4 28. Nxf4 gxf4 29. h4 h6 30. Qc2 Qe5 31. Qe2 Rd6 32. Rxd6 Qxd6 33. Rd1 Qc6 34. b3 Rd8 35. Rxd8+ Bxd8 36. Qd2 Bc7 37. Qb2 Qd6 38. Qf6 Qf8 39. g5 Bd8 40. Qxf4 hxg5 41. hxg5 Qg7 42. Be3 Qa1+ 43. Kg2 Qd1 44. Bxc5 Qd7 45. Bxb4 Bc7 46. Qf6 Bd8 47. Qh6 Be7 48. Bc3 f6 49. gxf6 Bf8 50. Qg6+ 1-0

[Event "Kesarovski Georgiev Memorial-B 12th"]
[Site "Sunny Beach"]
[Date "2013.09.04"]
[Round "5"]
[White "Tsenkov, Tsenko"]
[Black "Bratimirova, Dimitrinka"]
[Result "0-1"]
[WhiteElo "1689"]
[BlackElo "1987"]
[PlyCount "80"]
[EventDate "2013.08.31"]
[EventType "swiss"]
[EventRounds "9"]
[EventCountry "BUL"]
[SourceTitle "CBM 156 Extra"]
[Source "ChessBase"]
[SourceDate "2013.10.22"]
[SourceVersion "1"]
[SourceVersionDate "2013.10.22"]
[SourceQuality "1"]

1. e4 e5 2. Bc4 Nc6 3. Nf3 Bc5 4. c3 d6 5. d4 exd4 6. cxd4 Bb6 7. Nc3 h6 8. Na4 Nf6 9. Nxb6 axb6 10. Qe2 0-0 11. 0-0 Bg4 12. Qd3 Bxf3 13. gxf3 Nh5 14. Kh1 Qf6 15. Rg1 Nxd4 16. Bxh6 Qxf3+ 17. Qxf3 Nxf3 18. Rg2 Kh7 19. Be3 Ne5 20. Be2 Nf6 21. f3 d5 22. Bd4 Rfe8 23. exd5 Nxd5 24. Rg5 f6 25. Rg3 Nf4 26. Bd1 Ned3 27. Bc2 c5 28. Bc3 Kh8 29. Bxd3 Nxd3 30. Rag1 Re7 31. Rh3+ Kg8 32. Rf1 Rxa2 33. Rg3 Kf7 34. h4 b5 35. Rfg1 b4 36. Bxf6 gxf6 37. Rg7+ Ke6 38. R7g2 Rh7 39. Re2+ Kf5 40. Rg4 Rxb2 0-1

[Event "Kesarovski Georgiev Memorial-B 12th"]
[Site "Sunny Beach"]
[Date "2013.09.02"]
[Round "3"]
[White "Angelov, Angel"]
[Black "Bratimirova, Dimitrinka"]
[Result "1-0"]
[WhiteElo "2163"]
[BlackElo "1987"]
[PlyCount "133"]
[EventDate "2013.08.31"]
[EventType "swiss"]
[EventRounds "9"]
[EventCountry "BUL"]
[SourceTitle "CBM 156 Extra"]
[Source "ChessBase"]
[SourceDate "2013.10.22"]
[SourceVersion "1"]
[SourceVersionDate "2013.10.22"]
[SourceQuality "1"]

1. e4 e5 2. Nf3 Nc6 3. d4 exd4 4. c3 d5 5. exd5 Qxd5 6. cxd4 Bg4 7. Nc3 Bb4 8. Be2 Nf6 9. h3 Bh5 10. 0-0 Bxc3 11. bxc3 0-0 12. Rb1 Rab8 13. Bf4 Bg6 14. Rb2 Qd7 15. Ne5 Nxe5 16. Bxe5 Ne4 17. Qb3 Kh8 18. f3 Nd6 19. g4 f6 20. Bf4 b6 21. Rd1 Bf7 22. d5 Rbd8 23. c4 Nb7 24. Qa3 a5 25. Qc3 Nc5 26. Qe1 Rfe8 27. Qf2 Na4 28. Rc2 Bg6 29. Rcc1 Nc5 30. Bf1 c6 31. Rd2 Bf7 32. Rb1 Na4 33. d6 Bg6 34. Rxb6 Nxb6 35. Qxb6 a4 36. Kf2 Bf7 37. Bd3 h5 38. Bf5 Be6 39. Bg6 Bf7 40. Bd3 hxg4 41. hxg4 g5 42. Bg3 Kg7 43. Qd4 Bg6 44. Bf1 Rb8 45. c5 Rb1 46. Qxa4 Qe6 47. Kg2 Qe3 48. Qa7+ Kh6 49. Rf2 Bd3 50. Bxd3 Qxd3 51. Qf7 Qd1 52. Qxf6+ Kh7 53. Qf7+ Kh6 54. Qh5+ Kg7 55. Qxg5+ Kh7 56. Qf5+ Kg7 57. Be5+ Rxe5 58. Qxe5+ Kg8 59. Qe6+ Kg7 60. Kg3 Qg1+ 61. Rg2 Qxc5 62. Qe7+ Kg8 63. Qd8+ Kg7 64. Qc7+ Kg6 65. d7 Rg1 66. d8Q Rxg2+ 67. Kxg2 1-0

[Event "Plovdiv Bulgarian op 33rd"]
[Site "Plovdiv"]
[Date "2011.01.31"]
[Round "2"]
[White "Bratimirova, Dimitrinka"]
[Black "Arsovic, Zoran"]
[Result "0-1"]
[WhiteElo "2035"]
[BlackElo "2445"]
[PlyCount "94"]
[EventDate "2011.01.30"]
[EventType "swiss"]
[EventRounds "9"]
[EventCountry "BUL"]
[SourceTitle "CBM 140 Extra"]
[Source "ChessBase"]
[SourceDate "2011.03.01"]
[SourceVersion "1"]
[SourceVersionDate "2011.03.01"]
[SourceQuality "1"]

1. c4 Nf6 2. Nc3 c5 3. e4 Nc6 4. Nf3 e6 5. g3 d5 6. d3 Be7 7. Bg2 d4 8. Ne2 e5 9. 0-0 Bd7 10. Ne1 h5 11. Bg5 Ng4 12. Bxe7 Qxe7 13. h3 Nh6 14. f4 g5 15. f5 f6 16. Nc2 Rb8 17. Nc1 Nf7 18. Bf3 h4 19. g4 0-0 20. Qd2 Rfc8 21. Nb3 b6 22. Rfb1 Rc7 23. Nc1 Rcb7 24. a3 b5 25. cxb5 Rxb5 26. b3 Be8 27. Bd1 Nd6 28. b4 R5b7 29. Nb3 cxb4 30. Nc5 Nc4 31. dxc4 Qxc5 32. axb4 Nxb4 33. Nxb4 Rxb4 34. Rxb4 Qxb4 35. Qxb4 Rxb4 36. Be2 Ra4 37. Rb1 Bc6 38. Bd3 Ra3 39. Rb8+ Kf7 40. Bb1 Ke7 41. Rc8 Kd7 42. Rb8 Kc7 43. Rb4 a5 44. Rb2 Rxh3 45. Ra2 Rc3 46. Kh2 a4 47. Bc2 Rxc4 0-1

[Event "BUL-chT-A (Women) 43th"]
[Site "Albena"]
[Date "2010.06.02"]
[Round "7.4"]
[White "Plachkinova, Tatjana Georgieva"]
[Black "Bratimirova, Dimitrinka"]
[Result "1/2-1/2"]
[WhiteElo "2117"]
[BlackElo "2033"]
[PlyCount "40"]
[EventDate "2010.05.27"]
[EventType "team-tourn"]
[EventRounds "7"]
[EventCountry "BUL"]
[SourceTitle "CBM 136 Extra"]
[Source "ChessBase"]
[SourceDate "2010.07.02"]
[SourceVersion "2"]
[SourceVersionDate "2010.07.15"]
[SourceQuality "1"]
[WhiteTeam "Sofia Shah XXI (W)"]
[BlackTeam "Krakra Pernishki (W)"]
[WhiteTeamCountry "BUL"]
[BlackTeamCountry "BUL"]

1. d4 Nf6 2. c4 g6 3. Nc3 d5 4. cxd5 Nxd5 5. e4 Nxc3 6. bxc3 Bg7 7. Nf3 c5 8. Rb1 0-0 9. Be2 Nc6 10. d5 Ne5 11. Nxe5 Bxe5 12. Qd2 Qa5 13. Rb3 e6 14. f4 Bg7 15. d6 Bd7 16. Ra3 Qb6 17. Rb3 Qa5 18. Ra3 Qb6 19. Rb3 Qa5 20. Ba3 b6 1/2-1/2

[Event "BUL-chT-A (Women) 43th"]
[Site "Albena"]
[Date "2010.05.27"]
[Round "1.1"]
[White "Bratimirova, Dimitrinka"]
[Black "Genova, Ruzka"]
[Result "0-1"]
[WhiteElo "2033"]
[BlackElo "2232"]
[PlyCount "72"]
[EventDate "2010.05.27"]
[EventType "team-tourn"]
[EventRounds "7"]
[EventCountry "BUL"]
[SourceTitle "CBM 136 Extra"]
[Source "ChessBase"]
[SourceDate "2010.07.02"]
[SourceVersion "2"]
[SourceVersionDate "2010.07.15"]
[SourceQuality "1"]
[WhiteTeam "Krakra Pernishki (W)"]
[BlackTeam "Plovdiv Lokomotiv (W)"]
[WhiteTeamCountry "BUL"]
[BlackTeamCountry "BUL"]

1. e4 c5 2. Nf3 e6 3. d4 cxd4 4. Nxd4 Nf6 5. Bd3 Qb6 6. Nb3 d6 7. Be3 Qc7 8. Nc3 a6 9. a4 b6 10. 0-0 Nbd7 11. f4 Bb7 12. Qe2 Be7 13. Rad1 0-0 14. Nd2 Nc5 15. Nc4 d5 16. exd5 exd5 17. Ne5 Bd6 18. Ng4 Nfe4 19. Nxe4 Nxe4 20. Bxe4 dxe4 21. Qf2 Bc5 22. Bxc5 bxc5 23. Ne5 Rad8 24. c3 f6 25. Nc4 Rd3 26. Rxd3 exd3 27. Qe3 Qc6 28. Rf3 Rd8 29. Nd2 c4 30. Rg3 Re8 31. Qd4 Re1+ 32. Nf1 Kf7 33. f5 Qd5 34. Qf2 d2 35. Qb6 Rxf1+ 36. Kxf1 d1Q+ 0-1

[Event "Kesarovski Georgiev Memorial 8th"]
[Site "Sunny Beach"]
[Date "2009.09.09"]
[Round "3"]
[White "Jiruse, Josef"]
[Black "Bratimirova, Dimitrinka"]
[Result "0-1"]
[WhiteElo "2066"]
[BlackElo "2032"]
[PlyCount "78"]
[EventDate "2009.09.07"]
[EventType "swiss"]
[EventRounds "9"]
[EventCountry "BUL"]
[SourceTitle "CBM 132 Extra"]
[Source "ChessBase"]
[SourceDate "2009.11.03"]
[SourceVersion "1"]
[SourceVersionDate "2009.11.03"]
[SourceQuality "1"]

1. c4 Nf6 2. Nc3 d5 3. d4 g6 4. e3 Bg7 5. Nf3 0-0 6. Be2 e6 7. 0-0 dxc4 8. Ne5 c5 9. Bxc4 Qc7 10. Nb5 Qe7 11. a4 a6 12. Nc3 Rd8 13. b3 cxd4 14. exd4 Nbd7 15. Ba3 Qe8 16. Bd6 Nxe5 17. dxe5 Qc6 18. Qe2 Ne8 19. Ba3 b6 20. Rac1 Bb7 21. f4 b5 22. axb5 axb5 23. Nxb5 Rxa3 24. Nxa3 Qc5+ 25. Qf2 Qxa3 26. Rfd1 Rxd1+ 27. Rxd1 Bf8 28. Qd2 Qc5+ 29. Kh1 Qc6 30. Bf1 Ng7 31. b4 Nf5 32. b5 Qb6 33. Qd8 Qf2 34. Qd2 Qh4 35. Rc1 Bh6 36. Rc4 Bd5 37. Ra4 Bf8 38. Qc1 Qf2 39. Ra1 Bc5 0-1

[Event "BUL-chT2 (Women)"]
[Site "Sunny Beach"]
[Date "2009.06.13"]
[Round "6.2"]
[White "Galunova, Tsveta"]
[Black "Bratimirova, Dimitrinka"]
[Result "0-1"]
[WhiteElo "1885"]
[BlackElo "2052"]
[PlyCount "60"]
[EventDate "2009.06.08"]
[EventType "team-tourn"]
[EventRounds "6"]
[EventCountry "BUL"]
[SourceTitle "CBM 130 Extra"]
[Source "ChessBase"]
[SourceDate "2009.07.02"]
[SourceVersion "2"]
[SourceVersionDate "2009.07.15"]
[SourceQuality "1"]

1. e4 e5 2. Nf3 Nc6 3. Bc4 h6 4. 0-0 Nf6 5. d3 d6 6. c3 g6 7. Nbd2 Na5 8. Bb5+ c6 9. Ba4 b5 10. Bc2 Bg7 11. b4 Nb7 12. d4 exd4 13. Nxd4 Bd7 14. a4 a6 15. Bb2 c5 16. Ne2 0-0 17. Nf4 Qc7 18. Bb3 d5 19. Bxd5 Qxf4 20. Bxb7 Ra7 21. e5 Ng4 22. g3 Qxe5 23. Bf3 Qh5 24. Bxg4 Bxg4 25. Qb3 Rd7 26. Bc1 Bh3 27. Rd1 cxb4 28. Bb2 bxc3 29. Bxc3 Rd3 30. Rac1 Bxc3 0-1

[Event "BUL-chT2 (Women)"]
[Site "Sunny Beach"]
[Date "2009.06.11"]
[Round "4.1"]
[White "Bratimirova, Dimitrinka"]
[Black "Shivacheva, Donika"]
[Result "1-0"]
[WhiteElo "2052"]
[BlackElo "1780"]
[PlyCount "75"]
[EventDate "2009.06.08"]
[EventType "team-tourn"]
[EventRounds "6"]
[EventCountry "BUL"]
[SourceTitle "CBM 130 Extra"]
[Source "ChessBase"]
[SourceDate "2009.07.02"]
[SourceVersion "2"]
[SourceVersionDate "2009.07.15"]
[SourceQuality "1"]

1. e4 e5 2. Nf3 Nc6 3. Nc3 Nf6 4. Bb5 Bc5 5. 0-0 d6 6. d4 exd4 7. Nxd4 Bxd4 8. Bxc6+ bxc6 9. Qxd4 0-0 10. Bg5 c5 11. Qd3 h6 12. Bh4 c6 13. Rad1 Rb8 14. b3 Qa5 15. Bxf6 gxf6 16. Qg3+ Kh7 17. Rxd6 Rg8 18. Qe3 Rg6 19. Rfd1 Be6 20. Rxc6 Rbg8 21. g3 Rg5 22. f4 Rg4 23. f5 Bc8 24. Rxf6 Rh4 25. Rxf7+ Rg7 26. Rxg7+ Kxg7 27. gxh4 Qb6 28. Qg3+ Kf8 29. Qd6+ Qxd6 30. Rxd6 Ke7 31. Rxh6 Kf7 32. Nd5 Kg7 33. Rc6 Bd7 34. Rc7 a6 35. Rxd7+ Kh6 36. f6 Kh5 37. f7 Kxh4 38. f8Q 1-0

[Event "BUL-chT2 (Women) 58th"]
[Site "Borovetz"]
[Date "2008.10.04"]
[Round "4.1"]
[White "Bratimirova, Dimitrinka"]
[Black "Andreeva, Veronika"]
[Result "1-0"]
[WhiteElo "2043"]
[BlackElo "1916"]
[PlyCount "87"]
[EventDate "2008.10.01"]
[EventType "team"]
[EventRounds "5"]
[EventCountry "BUL"]
[SourceTitle "CBM 126 Extra"]
[Source "ChessBase"]
[SourceDate "2008.11.05"]
[SourceVersion "1"]
[SourceVersionDate "2008.11.05"]
[SourceQuality "1"]

1. e4 e6 2. d4 d5 3. Nd2 Nf6 4. e5 Nfd7 5. c3 c5 6. Bd3 Nc6 7. Ne2 cxd4 8. cxd4 b6 9. Nf3 Nb4 10. Bb1 Be7 11. 0-0 Ba6 12. a3 Nc6 13. Re1 Rc8 14. Bd3 Bxd3 15. Qxd3 Ndb8 16. Bd2 a6 17. Rac1 Kd7 18. Rc2 g5 19. Rec1 g4 20. Ne1 h5 21. Qb3 h4 22. Nd3 Qc7 23. Nb4 Qb7 24. Nxc6 Nxc6 25. Qe3 f5 26. exf6 Bxf6 27. Bc3 Qb8 28. Qd3 Bg5 29. Re1 b5 30. Qg6 Rcg8 31. Qf7+ Ne7 32. Nc1 Qb6 33. Nd3 Rf8 34. Qxe6+ Qxe6 35. Nc5+ Ke8 36. Nxe6 Rfg8 37. Nxg5 Rxg5 38. Bb4 Rh7 39. Rc7 Rgg7 40. Ra7 Kd8 41. Ba5+ Ke8 42. Rxa6 Kd7 43. Ra7+ Kc6 44. Re6# 1-0

[Event "BUL-chT (Women) 57th"]
[Site "Sunny Beach"]
[Date "2007.10.03"]
[Round "5.2"]
[White "Bratimirova, Dimitrinka"]
[Black "Andreeva, Veronika"]
[Result "1/2-1/2"]
[WhiteElo "2049"]
[BlackElo "1919"]
[PlyCount "59"]
[EventDate "2007.09.29"]
[EventType "team"]
[EventRounds "7"]
[EventCountry "BUL"]
[SourceTitle "CBM 120 Extra"]
[Source "ChessBase"]
[SourceDate "2007.11.01"]
[SourceVersion "1"]
[SourceVersionDate "2007.11.01"]
[SourceQuality "1"]

1. e4 c6 2. d4 d5 3. e5 Bf5 4. Bd3 Bg6 5. f4 e6 6. Nf3 Nd7 7. 0-0 Ne7 8. Ng5 Qb6 9. c3 c5 10. Kh1 Bxd3 11. Qxd3 h6 12. Nf3 Nc6 13. f5 0-0-0 14. fxe6 fxe6 15. Qg6 Ne7 16. Qf7 cxd4 17. Nxd4 Nxe5 18. Qxe6+ Qxe6 19. Nxe6 Re8 20. Be3 N7c6 21. Nxf8 Rhxf8 22. Rxf8 Rxf8 23. Nd2 Ng4 24. Rf1 Re8 25. Bc5 Nf6 26. Nf3 Re2 27. Rf2 Re8 28. Rd2 g5 29. Kg1 a6 30. Nd4 1/2-1/2

[Event "BUL-chT (Women) 39h"]
[Site "Sunny Beach"]
[Date "2006.10.10"]
[Round "6"]
[White "Bratimirova, Dimitrinka"]
[Black "Vladimirova, Maria"]
[Result "0-1"]
[WhiteElo "2078"]
[BlackElo "1994"]
[PlyCount "84"]
[EventDate "2006.10.05"]
[EventType "team-tourn"]
[EventRounds "7"]
[EventCountry "BUL"]
[SourceTitle "CBM 114 Extra"]
[Source "ChessBase"]
[SourceDate "2006.11.03"]
[SourceVersion "1"]
[SourceVersionDate "2006.11.03"]
[SourceQuality "1"]
[WhiteTeam "Sofia Lokomotiv (W)"]
[BlackTeam "Sofia Fenix (W)"]
[WhiteTeamCountry "BUL"]
[BlackTeamCountry "BUL"]

1. e4 Nf6 2. Nc3 d5 3. e5 Ne4 4. d4 Nxc3 5. bxc3 Bf5 6. Bd3 Bxd3 7. Qxd3 c6 8. Ne2 e6 9. 0-0 f5 10. exf6 Qxf6 11. f4 Bd6 12. Bd2 0-0 13. Rab1 b5 14. Rbe1 Nd7 15. Rf3 Nb6 16. Rh3 Qf5 17. Ng3 Qxd3 18. cxd3 Bxf4 19. Bxf4 Rxf4 20. Rxe6 Raf8 21. Re1 Na4 22. Ne2 Re8 23. Nxf4 Rxe1+ 24. Kf2 Ra1 25. Rf3 Rxa2+ 26. Kg3 Nxc3 27. Ne6 h6 28. Rf8+ Kh7 29. Rf7 Kg6 30. Rc7 Ne2+ 31. Kh4 b4 32. Nf8+ Kf6 33. Rxc6+ Kf7 34. Nd7 Nxd4 35. Rc7 b3 36. Nc5+ Kf6 37. Rb7 b2 38. g4 Nf3+ 39. Kg3 Nd2 40. Nd7+ Ke6 41. Nf8+ Kd6 42. Rxg7 b1Q 0-1